I thought I saw your face today (All Lyrics) - Statistics

General Stats
  • This quiz has been taken 42 times
  • The average score is 170 of 220
Answer Stats
Answer % Correct
a
100%
again
100%
But
100%
but
100%
face
100%
I
100%
just
100%
"Just
100%
my
100%
My
100%
saw
100%
thought
100%
to
100%
your
100%
Your
100%
head
96%
head,
96%
love
96%
the
96%
The
96%
today
96%
turned
96%
away
91%
away,
91%
in
91%
In
91%
against
87%
And
87%
and
87%
couldn't
87%
fall
87%
help
87%
me
87%
as
83%
As
83%
see
83%
memories
78%
No,
78%
it
74%
it,
74%
they
74%
trees
74%
come
65%
mother
57%
glitter
52%
mind
52%
are
48%
it's
48%
loved
48%
said
48%
said,
48%
cars
43%
grew
43%
heaven
43%
I'm
43%
knew
43%
now
43%
place
43%
sent
43%
somehow
43%
things
43%
what's
43%
beautiful
39%
freeways
39%
keep
39%
monument
39%
never
39%
stay
39%
that
39%
was
39%
ephemeral
35%
implore
35%
of
35%
this
35%
why?
35%
play
30%
is
26%
lays"
22%
mine
22%
out
22%
friend
17%
only
17%
piece
17%
world,
17%
world
17%
time
13%
No matching quizzes found
Score Distribution
Percent of People with Each Score
Percentile by Number Answered
Your Score History
You have not taken this quiz